Catálogo
 En Linea

Creatividad en acción : (Registro nro. 52737)

Detalles MARC
000 -CABECERA
campo de control de longitud fija 00799nam a22002417a 4500
003 - IDENTIFICADOR DEL NÚMERO DE CONTROL
campo de control DO-SdBNP
005 - FECHA Y HORA DE LA ÚLTIMA TRANSACCIÓN
campo de control 20221102113140.0
007 - CAMPO FIJO DE DESCRIPCIÓN FÍSICA--INFORMACIÓN GENERAL
campo de control de longitud fija ta
008 - DATOS DE LONGITUD FIJA--INFORMACIÓN GENERAL
campo de control de longitud fija 110301s2020 dr ac 000 0 spa d
020 ## - NÚMERO INTERNACIONAL ESTÁNDAR DEL LIBRO
Número Internacional Estándar del Libro 9789945925920
040 ## - FUENTE DE LA CATALOGACIÓN
Centro catalogador/agencia de origen DO-SdBNP
Lengua de catalogación spa
Centro/agencia transcriptor BNPHU
082 #4 - NÚMERO DE LA CLASIFICACIÓN DECIMAL DEWEY
Número de clasificación xxxx
Número de documento/Ítem xxx
100 ## - ENTRADA PRINCIPAL--NOMBRE DE PERSONA
Nombre de persona Munamauta, Chamalú
9 (RLIN) 47524
Fechas asociadas al nombre 1959-
Forma completa/desarrollada del nombre (Luis Espinosa)
245 10 - MENCIÓN DE TÍTULO
Título Creatividad en acción :
Resto del título manual para una vida creativa /
Mención de responsabilidad, etc. Chamalú, Keila González Báez
246 10 - FORMA VARIANTE DE TÍTULO
Título propio/Titulo breve Creatividad en acción /
260 ## - PUBLICACIÓN, DISTRIBUCIÓN, ETC.
Lugar de publicación, distribución, etc. Santo Domingo :
Nombre del editor, distribuidor, etc. Bien-etre,
Fecha de publicación, distribución, etc. 2020.
300 ## - DESCRIPCIÓN FÍSICA
Extensión 178 p. :
Otras características físicas il., retrs.
Dimensiones 21 cm.
500 ## - NOTA GENERAL
Nota general Incluye datos biográficos de los autores en las paginas 175-177.
590 ## - NOTA LOCAL (RLIN)
Nota local Inventariado, 2022/ YL
700 12 - PUNTO DE ACCESO ADICIONAL--NOMBRE DE PERSONA
Nombre de persona González Báez, Keila
9 (RLIN) 79747
910 ## - DATOS DE OPCIÓN DEL USUARIO (OCLC)
Datos de opción del usuario YLockward
942 ## - ELEMENTOS DE PUNTO DE ACCESO ADICIONAL (KOHA)
Fuente del sistema de clasificación o colocación Dewey Decimal Classification
Tipo de ítem Koha Libro
Existencias
Estado de retiro Estado de pérdida Fuente del sistema de clasificación o colocación Restricciones de uso No para préstamo Código de colección Localización permanente Ubicación/localización actual Ubicación en estantería Fecha de adquisición Fuente de adquisición Total de préstamos Signatura topográfica completa Código de barras Fecha visto por última vez Precio válido a partir de Tipo de ítem Koha Número de copia
    Dewey Decimal Classification Excluido de préstamo   Patrimonio Dominicano Biblioteca Nacional Pedro Henríquez Ureña Biblioteca Nacional Pedro Henríquez Ureña En catalogación 03.12.2021 Keila González   xxxx xxx 2022-4766 02.11.2022 02.11.2022 Libro  
    Dewey Decimal Classification Excluido de préstamo   Patrimonio Dominicano Biblioteca Nacional Pedro Henríquez Ureña Biblioteca Nacional Pedro Henríquez Ureña En catalogación 03.12.2021 Keila González   xxxx xxx 2022-4767 02.11.2022 02.11.2022 Libro e. 2
    Dewey Decimal Classification Préstamo en sala   Dominicana de Servicio Biblioteca Nacional Pedro Henríquez Ureña Biblioteca Nacional Pedro Henríquez Ureña En catalogación 03.12.2021 Keila González   xxxx xxx 2022-4768 02.11.2022 02.11.2022 Libro e. 3

Con tecnología Koha